guess that logo - Statistics

General Stats
  • This quiz has been taken 1,628 times
  • The average score is 14 of 15
Answer Stats
Picture Answer % Correct
apple
98%
adidas
97%
amazon
97%
kfc
97%
pepsi
97%
monster
96%
pringles
96%
taco bell
96%
shell
95%
pizza hut
94%
playstation
94%
target
94%
wikipedia
93%
jetpunk
77%
firestone
53%
No matching quizzes found
Score Distribution
Percent of People with Each Score
Percentile by Number Answered
Your Score History
You have not taken this quiz